4 Letter Geography - Statistics

General Stats
  • This quiz has been taken 36 times
    14 since last reset
  • The average score is 17 of 26
Answer Stats
Question Answer % Correct
E) The most common European currency Euro
100%
F) Biggest mountain in Japan Fuji
100%
L) Capital of Peru Lima
100%
P) The Leaning Tower of.... Pisa
100%
U) Salt Lake City is its biggest city Utah
100%
I) Once known as Persia Iran
93%
K) Ukraines capital on the Dnipro Kyiv
93%
R) The Eternal City Rome
93%
D) Capital of Qatar Doha
86%
J) Indonesias most populous island Java
86%
N) Region of California where world famouswine is produced Napa
86%
S) Former name of Thailand Siam
86%
Y) Historic walled city in northern England built bythe Romans York
86%
A) Where the Taj Mahal is located Agra
71%
Q) Last imperial dynasty of China Qing
71%
W) German name for Vienna Wien
71%
M) River that flows thru Frankfurt Main
57%
X) Shi Huangs terracotta army was uncovered here Xian
57%
B) 2nd biggest city in Czechia Brno
50%
O) Historic city in central Finland known for itsarts and tech scene Oulu
36%
H) City on Hawaiis big island Hilo
29%
V) Famous Colorado ski mountain Vail
29%
T) Historic Lebanese city, birthplace of Europa Tyre
14%
G) Historic city in northwest Hungary Gyor
7%
C) Historic Alpine city in eastern Switzerlandin the Graubunden canton Chur
0%
Z) Biblical city spared by God at Lots request, as toldin the Book of Genesis Zoar
0%
No matching quizzes found
Score Distribution
Percent of People with Each Score
Percentile by Number Answered
Your Score History
You have not taken this quiz since the last reset